000 00289nam a2200133Ia 4500
100 _aGardner Martin
942 _cBK
654 _amathematical carnival
245 _aMathematical Carnival
260 _bPenguin Books
_aLondon
_c1990
300 _a274
546 _aENGLISH
999 _c34555
_d34555